[Event "Titled Tuesday intern op 13th Feb Late"]
[Site "Chess.com INT"]
[Date "2024.02.13"]
[Round "3"]
[White "Venkatesan, Kavin"]
[Black "Yang, Kevin S"]
[Result "0-1"]
[WhiteElo "2166"]
[BlackElo "2096"]
[PlyCount "64"]
[EventDate "2024.02.13"]
[EventType "swiss (blitz)"]
[EventRounds "11"]
[EventCountry "USA"]
[SourceTitle "CB08_2024"]
[SourceDate "2024.02.21"]
[SourceVersion "1"]
[SourceVersionDate "2024.02.21"]
[SourceQuality "1"]

1. d4 Nf6 2. c4 e6 3. Nc3 Bb4 4. f3 d5 5. a3 Bxc3+ 6. bxc3 c6 7. Bg5 Qa5 8. Qd2 Nbd7 9. e3 dxc4 10. Bxc4 Qxg5 11. Nh3 Qa5 12. 0-0 Nb6 13. Bd3 e5 14. Qc2 Bxh3 15. gxh3 0-0 16. Kh1 Kh8 17. Rg1 exd4 18. cxd4 Nbd5 19. Qf2 Qc3 20. Rad1 Rfe8 21. e4 Nf4 22. Bf1 Qxa3 23. Re1 Qc3 24. e5 N6h5 25. Re4 Rad8 26. Rg4 Qc1 27. Rg1 f5 28. exf6 Nxf6 29. Rxe8+ Rxe8 30. Qg3 Ng6 31. Bd3 Qf4 32. Qf2 Nh4 0-1

[Event "Dublin Gonzaga Masters"]
[Site "Dublin"]
[Date "2024.01.27"]
[Round "2"]
[White "Venkatesan, Kavin"]
[Black "Tsyn, Igor"]
[Result "1-0"]
[WhiteElo "2285"]
[BlackElo "2035"]
[PlyCount "61"]
[EventDate "2024.01.26"]
[EventType "swiss"]
[EventRounds "5"]
[EventCountry "IRL"]
[SourceTitle "CB05_2024"]
[SourceDate "2024.01.31"]
[SourceVersion "1"]
[SourceVersionDate "2024.01.31"]
[SourceQuality "1"]

1. d4 d5 2. c4 dxc4 3. Nf3 Nf6 4. e3 e6 5. Bxc4 c5 6. 0-0 a6 7. b3 Nbd7 8. Bb2 Be7 9. Nbd2 0-0 10. a4 b6 11. Qe2 Bb7 12. Rfd1 cxd4 13. Nxd4 Bd6 14. Nxe6 fxe6 15. Bxe6+ Kh8 16. Nc4 Bxh2+ 17. Kxh2 Qc7+ 18. f4 Nc5 19. Be5 Qc6 20. Rd6 Qe8 21. Bh3 b5 22. Nb6 Rd8 23. Rad1 Qe7 24. axb5 Nfe4 25. Rxd8 Rxd8 26. bxa6 Bxa6 27. Rxd8+ Qxd8 28. Qg4 Nf6 29. Bxf6 gxf6 30. Na4 Nxa4 31. bxa4 1-0

[Event "Titled Tuesday intern op 19th Sep Late"]
[Site "Chess.com INT"]
[Date "2023.09.19"]
[Round "1"]
[White "Kim, Sergey2222"]
[Black "Venkatesan, Kavin"]
[Result "1-0"]
[WhiteElo "2295"]
[BlackElo "2313"]
[PlyCount "109"]
[EventDate "2023.09.19"]
[EventType "swiss (blitz)"]
[EventRounds "11"]
[EventCountry "USA"]
[SourceTitle "EXT 2024"]
[Source "ChessBase"]
[SourceDate "2023.10.10"]
[SourceVersion "1"]
[SourceVersionDate "2023.10.10"]
[SourceQuality "1"]

1. d4 Nf6 2. c4 e6 3. Nc3 Bb4 4. Qc2 0-0 5. a3 Bxc3+ 6. Qxc3 d6 7. Nf3 b6 8. g3 Bb7 9. Bg2 Nbd7 10. 0-0 Ne4 11. Qc2 f5 12. Ng5 Nxg5 13. Bxb7 Rb8 14. Bg2 c5 15. dxc5 Nxc5 16. Rd1 Nf7 17. b4 Nd7 18. Bb2 Rc8 19. Rac1 Qe7 20. Qa4 Nde5 21. Qb3 Rc7 22. f4 Ng4 23. h3 Nf6 24. Qd3 Rfc8 25. Kh2 h6 26. Bd4 e5 27. Bf2 exf4 28. gxf4 Ne4 29. Be1 b5 30. c5 dxc5 31. bxc5 Rxc5 32. Bb4 Qc7 33. Bxc5 Qxf4+ 34. Kg1 Rxc5 35. Rxc5 Qf2+ 36. Kh2 Qf4+ 37. Kg1 Qf2+ 38. Kh1 Nxc5 39. Qf3 Qxf3 40. Bxf3 Ne5 41. Rd5 Nxf3 42. Rxc5 Nd4 43. e3 Ne6 44. Rxb5 f4 45. exf4 Nxf4 46. Kh2 Kh7 47. Ra5 Nd3 48. Rxa7 h5 49. a4 Kh6 50. a5 g5 51. Rc7 g4 52. a6 Kg5 53. a7 Kh4 54. a8Q g3+ 55. Kg1 1-0

[Event "Titled Tuesday intern op 19th Sep Late"]
[Site "Chess.com INT"]
[Date "2023.09.19"]
[Round "7"]
[White "Venkatesan, Kavin"]
[Black "Sroczynski, Maciej"]
[Result "1-0"]
[WhiteElo "2313"]
[BlackElo "2271"]
[PlyCount "63"]
[EventDate "2023.09.19"]
[EventType "swiss (blitz)"]
[EventRounds "11"]
[EventCountry "USA"]
[SourceTitle "EXT 2024"]
[Source "ChessBase"]
[SourceDate "2023.10.10"]
[SourceVersion "1"]
[SourceVersionDate "2023.10.10"]
[SourceQuality "1"]

1. d4 Nf6 2. c4 e6 3. Nc3 d5 4. cxd5 exd5 5. Bg5 c6 6. e3 Be7 7. Bd3 Nbd7 8. Nge2 Nf8 9. 0-0 Ng6 10. Nf4 Nxf4 11. Bxf4 Bd6 12. Qf3 Bxf4 13. Qxf4 0-0 14. Rad1 Be6 15. f3 Qb6 16. b3 Nd7 17. Bb1 Rfd8 18. e4 Nf8 19. e5 c5 20. Na4 Qa5 21. Nxc5 Rab8 22. Qd2 Qb5 23. f4 b6 24. Nxe6 fxe6 25. f5 exf5 26. Bxf5 Qe8 27. Qg5 Rb7 28. Bb1 Qe7 29. Qh5 g6 30. Qg4 Ne6 31. Rf6 Rf8 32. Qxe6+ 1-0

[Event "IRL-ch 102nd"]
[Site "Dublin"]
[Date "2023.08.11"]
[Round "7"]
[White "Keenan, Cathal"]
[Black "Venkatesan, Kavin"]
[Result "0-1"]
[WhiteElo "1892"]
[BlackElo "2298"]
[PlyCount "90"]
[EventDate "2023.08.05"]
[EventType "swiss"]
[EventRounds "9"]
[EventCountry "IRL"]
[SourceTitle "CBM 215 Extra"]
[Source "ChessBase"]
[SourceDate "2023.09.30"]
[SourceVersion "1"]
[SourceVersionDate "2023.09.30"]
[SourceQuality "1"]

1. e4 c5 2. Nf3 d6 3. d4 cxd4 4. Nxd4 Nf6 5. Nc3 a6 6. Bc4 e6 7. Bb3 b5 8. Bg5 h6 9. Bxf6 Qxf6 10. 0-0 Bb7 11. f4 Nc6 12. Nxc6 Bxc6 13. f5 Qe5 14. a4 Be7 15. axb5 axb5 16. Rxa8+ Bxa8 17. Qa1 Bc6 18. Qa7 Qc5+ 19. Qxc5 dxc5 20. fxe6 fxe6 21. Bxe6 Bf6 22. Bd5 Kd7 23. Rd1 Bd4+ 24. Kf1 Rf8+ 25. Ke1 b4 26. Bxc6+ Kxc6 27. Na4 Kb5 28. b3 Rf4 29. Rd2 Rxe4+ 30. Re2 Rg4 31. g3 Rg6 32. Re8 Kc6 33. Kd2 Rf6 34. Kd3 Rf3+ 35. Kd2 Rf2+ 36. Re2 Rf3 37. Re8 h5 38. Re6+ Kd5 39. Re8 Rf2+ 40. Re2 Rxe2+ 41. Kxe2 c4 42. bxc4+ Kxc4 43. h3 Kb5 44. Kd3 Ba1 45. c3 b3 0-1

[Event "IRL-ch 102nd"]
[Site "Dublin"]
[Date "2023.08.09"]
[Round "5"]
[White "Venkatesan, Kavin"]
[Black "Flynn, Jacob"]
[Result "1/2-1/2"]
[WhiteElo "2298"]
[BlackElo "2142"]
[PlyCount "44"]
[EventDate "2023.08.05"]
[EventType "swiss"]
[EventRounds "9"]
[EventCountry "IRL"]
[SourceTitle "CBM 215 Extra"]
[Source "ChessBase"]
[SourceDate "2023.09.30"]
[SourceVersion "1"]
[SourceVersionDate "2023.09.30"]
[SourceQuality "1"]

1. d4 d5 2. c4 e6 3. Nf3 Nf6 4. Nc3 c5 5. cxd5 exd5 6. g3 Nc6 7. Bg2 cxd4 8. Nxd4 Bc5 9. Nb3 Bb6 10. 0-0 d4 11. Na4 0-0 12. Bxc6 bxc6 13. Nxb6 axb6 14. Qxd4 c5 15. Qxd8 Rxd8 16. Bg5 h6 17. Bf4 Nd5 18. Bd2 Be6 19. Nc1 Nf6 20. Bf4 Nd5 21. Bd2 Nf6 22. Bf4 Nd5 1/2-1/2

[Event "IRL-ch 102nd"]
[Site "Dublin"]
[Date "2023.08.08"]
[Round "4"]
[White "Baburin, Alexander"]
[Black "Venkatesan, Kavin"]
[Result "1/2-1/2"]
[WhiteElo "2379"]
[BlackElo "2298"]
[PlyCount "31"]
[EventDate "2023.08.05"]
[EventType "swiss"]
[EventRounds "9"]
[EventCountry "IRL"]
[SourceTitle "CBM 215 Extra"]
[Source "ChessBase"]
[SourceDate "2023.09.30"]
[SourceVersion "1"]
[SourceVersionDate "2023.09.30"]
[SourceQuality "1"]

1. d4 Nf6 2. c4 e6 3. g3 d5 4. Bg2 Bb4+ 5. Nd2 0-0 6. Qc2 b6 7. Ngf3 Bb7 8. 0-0 c5 9. a3 Bxd2 10. Bxd2 Nbd7 11. Rac1 Rc8 12. cxd5 cxd4 13. Qa4 Nc5 14. Qxd4 Bxd5 15. Qe3 Nfe4 16. Bb4 1/2-1/2

[Event "IRL-ch 102nd"]
[Site "Dublin"]
[Date "2023.08.06"]
[Round "2"]
[White "Haque, Muhtarim Ul"]
[Black "Venkatesan, Kavin"]
[Result "0-1"]
[WhiteElo "2102"]
[BlackElo "2298"]
[PlyCount "121"]
[EventDate "2023.08.05"]
[EventType "swiss"]
[EventRounds "9"]
[EventCountry "IRL"]
[SourceTitle "CBM 215 Extra"]
[Source "ChessBase"]
[SourceDate "2023.09.30"]
[SourceVersion "1"]
[SourceVersionDate "2023.09.30"]
[SourceQuality "1"]

1. d4 Nf6 2. c4 e6 3. Nc3 Bb4 4. e3 0-0 5. Bd3 d5 6. Nge2 b6 7. 0-0 Bb7 8. a3 Be7 9. cxd5 Nxd5 10. e4 Nxc3 11. bxc3 c5 12. Be3 Nc6 13. e5 cxd4 14. cxd4 Bg5 15. f4 Bh6 16. Be4 Qd7 17. Qd3 g6 18. Nc3 Rac8 19. Rac1 Rfd8 20. Rfd1 Ne7 21. Bxb7 Qxb7 22. Ne4 Rxc1 23. Rxc1 Nd5 24. Nd6 Qd7 25. Bd2 Bf8 26. Ne4 Qa4 27. Ra1 Be7 28. f5 exf5 29. Ng5 Nc7 30. Nf3 Bc5 31. Rc1 Bxd4+ 32. Nxd4 Qxd4+ 33. Qxd4 Rxd4 34. Rxc7 Rxd2 35. Rxa7 Rd5 36. Ra6 Rxe5 37. Rxb6 Ra5 38. Rb3 Kg7 39. Kf2 g5 40. Kf3 Ra4 41. h3 Kg6 42. Rc3 h5 43. Rb3 h4 44. Kf2 f6 45. Ke2 f4 46. Kf3 f5 47. Rb6+ Kh5 48. Rb3 g4+ 49. hxg4+ fxg4+ 50. Ke2 Ra5 51. Rb4 Kg5 52. a4 Kf5 53. Rb8 Rxa4 54. Rf8+ Ke5 55. Re8+ Kf6 56. Rh8 Ra2+ 57. Kf1 h3 58. gxh3 g3 59. Re8 Rh2 60. Ke1 Rxh3 61. Rg8 0-1

[Event "Monteolivete op 3rd"]
[Site "Alboraia"]
[Date "2023.07.19"]
[Round "4"]
[White "Tarnowska, Aleksandra"]
[Black "Venkatesan, Kavin"]
[Result "1/2-1/2"]
[WhiteElo "1835"]
[BlackElo "2154"]
[PlyCount "118"]
[EventDate "2023.07.17"]
[EventType "swiss"]
[EventRounds "9"]
[EventCountry "ESP"]
[SourceTitle "CBM 215 Extra"]
[Source "ChessBase"]
[SourceDate "2023.09.30"]
[SourceVersion "1"]
[SourceVersionDate "2023.09.30"]
[SourceQuality "1"]

1. e4 c5 2. Nf3 d6 3. Bb5+ Bd7 4. Bxd7+ Qxd7 5. c4 Nf6 6. Nc3 Nc6 7. d4 cxd4 8. Nxd4 g6 9. f3 Bg7 10. Be3 0-0 11. 0-0 Rfd8 12. Qd2 a6 13. Rac1 e6 14. Nxc6 Qxc6 15. Rfd1 Ne8 16. b3 b5 17. cxb5 axb5 18. Nd5 Qb7 19. Nb4 Nc7 20. Rc6 d5 21. Rdc1 Ne8 22. exd5 Bf8 23. Bc5 exd5 24. Bxf8 Kxf8 25. Qd4 Kg8 26. Nxd5 Qd7 27. Nf6+ Nxf6 28. Qxf6 Qa7+ 29. Kh1 Qxa2 30. Qc3 Qe2 31. h3 Ra2 32. Rc2 Rxc2 33. Qxc2 Rd1+ 34. Kh2 Qe5+ 35. g3 Qd4 36. Rc8+ Kg7 37. Qc3 Qxc3 38. Rxc3 Rd2+ 39. Kg1 Rb2 40. f4 b4 41. Re3 f5 42. g4 g5 43. fxg5 fxg4 44. Re4 Rxb3 45. Rxg4 Rb2 46. h4 b3 47. Rb4 Kg6 48. Rb7 Kf5 49. Rb4 Rb1+ 50. Kg2 b2 51. Rb5+ Kg4 52. Rb4+ Kh5 53. Kh2 Kg6 54. Kg2 Kf5 55. Rb5+ Kg6 56. Rb6+ Kf7 57. Kh2 Ke7 58. h5 Kf7 59. Rb7+ Kf8 1/2-1/2

[Event "BCF-chT 2223 (4NCL)"]
[Site "England"]
[Date "2023.03.19"]
[Round "8.4"]
[White "Venkatesan, Kavin"]
[Black "Robertson, J Stuart"]
[Result "1/2-1/2"]
[WhiteElo "1983"]
[BlackElo "2161"]
[PlyCount "208"]
[EventDate "2022.10.22"]
[EventType "team-swiss"]
[EventRounds "11"]
[EventCountry "ENG"]
[SourceTitle "CBM 213 Extra"]
[Source "ChessBase"]
[SourceDate "2023.05.31"]
[SourceVersion "1"]
[SourceVersionDate "2023.05.31"]
[SourceQuality "1"]
[WhiteTeam "Gonzaga"]
[BlackTeam "Cambridge University"]
[WhiteTeamCountry "ENG"]
[BlackTeamCountry "ENG"]

1. d4 d5 2. c4 dxc4 3. Nf3 Nf6 4. e3 Bg4 5. Bxc4 e6 6. h3 Bh5 7. Nbd2 a6 8. b3 Nc6 9. Bb2 Bb4 10. a3 Bxd2+ 11. Qxd2 Ne4 12. Qc2 Bxf3 13. gxf3 Nd6 14. d5 exd5 15. Bxd5 Ne7 16. Bxg7 Rg8 17. Bf6 Rg6 18. Bh4 Rh6 19. Bg5 Rg6 20. Bh4 Rh6 21. Bg5 Rg6 22. Bxe7 Qxe7 23. Be4 Nxe4 24. Qxe4 Qxe4 25. fxe4 0-0-0 26. Rd1 Re8 27. Rd4 c5 28. Rd5 b6 29. Rf5 Re7 30. Ke2 Rc7 31. Rh5 h6 32. Rc1 Re6 33. Rc4 Rec6 34. Rf5 b5 35. Rc3 Kd8 36. Rd5+ Ke7 37. Re5+ Kf6 38. Rf5+ Ke7 39. Re5+ Kf6 40. Rh5 Kg6 41. Rd5 Kf6 42. f4 Ke7 43. a4 Ke6 44. axb5 axb5 45. b4 cxb4 46. Rxc6+ Rxc6 47. Rxb5 Rc2+ 48. Kd3 Rh2 49. Rb6+ Ke7 50. Rxh6 b3 51. Rb6 b2 52. h4 Kf8 53. h5 Kg7 54. Kc3 Re2 55. Rxb2 Rxe3+ 56. Kd4 Rh3 57. Rb5 Rh1 58. Rf5 Kf8 59. Rg5 Ke7 60. Ra5 Kf8 61. Rb5 Rh4 62. Rf5 Rh1 63. e5 Ke7 64. Ke4 Rh3 65. Rg5 Rh4 66. Kf5 Rh1 67. Ke4 Rh4 68. Rf5 Rh3 69. Kd4 Rh1 70. Ke3 Rh3+ 71. Kf2 Rh4 72. Kg3 Rh1 73. Kg2 Rh4 74. Kg3 Rh1 75. Kg4 Rg1+ 76. Kh4 Rh1+ 77. Kg5 Ke6 78. Rf6+ Ke7 79. Kh6 Rh4 80. Kg7 Rg4+ 81. Kh7 Rh4 82. h6 Rg4 83. Rf5 Kf8 84. e6 Ke7 85. exf7 Kf8 86. Rg5 Rxf4 87. Kg6 Rf6+ 88. Kh7 Rxf7+ 89. Kh8 Rf6 90. Kh7 Rf7+ 91. Rg7 Rf1 92. Rg2 Rf7+ 93. Kg6 Kg8 94. Rb2 Rf8 95. Rb7 Ra8 96. Rb6 Rc8 97. Ra6 Rb8 98. Rf6 Ra8 99. Re6 Rb8 100. Ra6 Rc8 101. Rb6 Ra8 102. Rd6 Rc8 103. h7+ Kh8 104. Kh6 Ra8 1/2-1/2

[Event "Dublin Irish New Year IM"]
[Site "Dublin"]
[Date "2023.01.08"]
[Round "9"]
[White "Venkatesan, Kavin"]
[Black "Jacobsen, Mikkel Manosri"]
[Result "1/2-1/2"]
[WhiteElo "2152"]
[BlackElo "2324"]
[PlyCount "40"]
[EventDate "2023.01.04"]
[EventType "tourn"]
[EventRounds "9"]
[EventCountry "IRL"]
[SourceTitle "CBM 212 Extra"]
[Source "ChessBase"]
[SourceDate "2023.03.31"]
[SourceVersion "1"]
[SourceVersionDate "2023.03.31"]
[SourceQuality "1"]

1. d4 d5 2. c4 e6 3. Nc3 a6 4. g3 dxc4 5. Bg2 c5 6. d5 exd5 7. Bxd5 Be7 8. Qa4+ Kf8 9. Qxc4 Nf6 10. Bg2 Be6 11. Qa4 Nc6 12. Bxc6 bxc6 13. Qxc6 Nd5 14. Nf3 Nxc3 15. bxc3 Bd5 16. Qa4 Bf6 17. 0-0 Bxc3 18. Rb1 Qa5 19. Qxa5 Bxa5 20. Ba3 f6 1/2-1/2

[Event "Dublin Irish New Year IM"]
[Site "Dublin"]
[Date "2023.01.06"]
[Round "5"]
[White "Venkatesan, Kavin"]
[Black "Gubanov, Oleg"]
[Result "0-1"]
[WhiteElo "2152"]
[BlackElo "2270"]
[PlyCount "82"]
[EventDate "2023.01.04"]
[EventType "tourn"]
[EventRounds "9"]
[EventCountry "IRL"]
[SourceTitle "CBM 212 Extra"]
[Source "ChessBase"]
[SourceDate "2023.03.31"]
[SourceVersion "1"]
[SourceVersionDate "2023.03.31"]
[SourceQuality "1"]

1. d4 d5 2. c4 dxc4 3. e3 e5 4. Bxc4 Nc6 5. Nf3 e4 6. Qb3 Nh6 7. Nfd2 f5 8. Bb5 Bd7 9. Nc3 Qg5 10. g3 0-0-0 11. Bxc6 Bxc6 12. Nc4 Qf6 13. Bd2 Be8 14. 0-0-0 Ng4 15. Rdf1 Qa6 16. h3 Nf6 17. Ne5 Rd6 18. Qc4 Qxc4 19. Nxc4 Rd8 20. Ne5 Bd6 21. Nc4 Be7 22. Ne5 c5 23. dxc5 Bxc5 24. g4 b5 25. gxf5 b4 26. Ne2 Bb5 27. Re1 Rd5 28. Ng4 Rxf5 29. Nd4 Bxd4 30. exd4 Nxg4 31. hxg4 Rxf2 32. Bxb4 Bd3 33. Bc3 h6 34. d5 Rg8 35. Rhg1 Kd7 36. g5 hxg5 37. Rxg5 g6 38. Reg1 e3 39. Re5 Rc2+ 40. Kd1 e2+ 41. Ke1 Rf8 0-1

[Event "Dublin Irish New Year IM"]
[Site "Dublin"]
[Date "2023.01.05"]
[Round "2"]
[White "Quinn, Rory"]
[Black "Venkatesan, Kavin"]
[Result "1/2-1/2"]
[WhiteElo "2133"]
[BlackElo "2152"]
[PlyCount "117"]
[EventDate "2023.01.04"]
[EventType "tourn"]
[EventRounds "9"]
[EventCountry "IRL"]
[SourceTitle "CBM 212 Extra"]
[Source "ChessBase"]
[SourceDate "2023.03.31"]
[SourceVersion "1"]
[SourceVersionDate "2023.03.31"]
[SourceQuality "1"]

1. e4 c5 2. Nf3 d6 3. d4 cxd4 4. Nxd4 Nf6 5. Nc3 a6 6. Be3 e5 7. Nb3 Be7 8. f3 Be6 9. Qd2 h5 10. 0-0-0 Nbd7 11. Kb1 Rc8 12. Nd5 Nxd5 13. exd5 Bf5 14. Bd3 Bxd3 15. Qxd3 Qc7 16. Rhe1 Bf6 17. Rc1 b5 18. Nd2 Qb8 19. Qa3 Nb6 20. Qxa6 Nxd5 21. Ne4 0-0 22. Qxd6 Qxd6 23. Nxd6 Rc6 24. Ne4 Be7 25. Bd2 f6 26. a3 Kf7 27. Rcd1 Nb6 28. Bb4 Rfc8 29. Nc3 Na4 30. Nxa4 Bxb4 31. axb4 bxa4 32. c3 a3 33. Rd3 axb2 34. Kxb2 Ke6 35. Kb3 h4 36. h3 g5 37. Rc1 Rc4 38. Ra1 R4c6 39. b5 Rc5 40. Ra6+ Kf5 41. b6 Rb5+ 42. Kc2 Rc6 43. Rd2 Rbxb6 44. Rxb6 Rxb6 45. c4 e4 46. fxe4+ Kxe4 47. Kc3 Ke3 48. Rc2 Rc6 49. Kb4 f5 50. Kb5 Rc8 51. c5 g4 52. hxg4 fxg4 53. c6 Kf4 54. Kb6 h3 55. gxh3 gxh3 56. Rc3 Kg4 57. Kb7 Rxc6 58. Kxc6 h2 59. Rc1 1/2-1/2

[Event "BCF-chT 2223 (4NCL)"]
[Site "England"]
[Date "2022.10.23"]
[Round "2.3"]
[White "Venkatesan, Kavin"]
[Black "Holland, James P"]
[Result "1-0"]
[WhiteElo "1983"]
[BlackElo "2259"]
[PlyCount "77"]
[EventDate "2022.10.22"]
[EventType "team-swiss"]
[EventRounds "11"]
[EventCountry "ENG"]
[SourceTitle "CBM 210 Extra"]
[Source "ChessBase"]
[SourceDate "2022.11.30"]
[SourceVersion "1"]
[SourceVersionDate "2022.11.30"]
[SourceQuality "1"]
[WhiteTeam "Gonzaga"]
[BlackTeam "The Sharks"]
[WhiteTeamCountry "ENG"]
[BlackTeamCountry "ENG"]

1. d4 d5 2. c4 e6 3. Nc3 c5 4. cxd5 cxd4 5. Qa4+ Bd7 6. Qxd4 exd5 7. Qxd5 Nf6 8. Qd1 Nc6 9. Nf3 Bc5 10. e3 Qe7 11. a3 a5 12. Qc2 0-0 13. Be2 Ne5 14. 0-0 Rac8 15. Rd1 Rfe8 16. Nd4 Ba7 17. Nf5 Qe6 18. Nd6 Bc6 19. Nxe8 Rxe8 20. Nb5 Be4 21. Qd2 Bb8 22. f3 Bg6 23. Qe1 Bc2 24. Nd4 Qd6 25. Nxc2 Nxf3+ 26. Bxf3 Qxh2+ 27. Kf1 Nh5 28. Bxh5 Bg3 29. Qxa5 Qh1+ 30. Ke2 Qxg2+ 31. Kd3 b5 32. Qxb5 Qe4+ 33. Kc3 Rc8+ 34. Kb3 g6 35. Ka2 Qxc2 36. Qb3 Qf5 37. Be2 Rb8 38. Rf1 Qd7 39. Rxf7 1-0

[Event "Wch U14"]
[Site "Mamaia"]
[Date "2022.09.14"]
[Round "9"]
[White "Asylov, Miras"]
[Black "Venkatesan, Kavin"]
[Result "0-1"]
[WhiteElo "2144"]
[BlackElo "1997"]
[PlyCount "84"]
[EventDate "2022.09.06"]
[EventType "swiss"]
[EventRounds "11"]
[EventCountry "ROU"]
[SourceTitle "CBM 210 Extra"]
[Source "ChessBase"]
[SourceDate "2022.11.30"]
[SourceVersion "1"]
[SourceVersionDate "2022.11.30"]
[SourceQuality "1"]

1. e4 c5 2. Nf3 d6 3. d4 cxd4 4. Nxd4 Nf6 5. Nc3 a6 6. g3 e5 7. Nb3 Be7 8. Bg2 0-0 9. 0-0 b5 10. Nd5 Nxd5 11. Qxd5 Ra7 12. Be3 Be6 13. Qd2 Ra8 14. Na5 Qc7 15. c4 Nc6 16. Nxc6 Qxc6 17. cxb5 axb5 18. Rfc1 Qb7 19. b3 Ra3 20. Rab1 h6 21. Rc2 Rfa8 22. Rbb2 R3a6 23. h4 Qd7 24. f4 exf4 25. gxf4 Bh3 26. Bf3 Bg4 27. Bh1 Bxh4 28. Bd4 d5 29. exd5 Rg6 30. Rc6 Be6+ 31. Bg2 Qxd5 32. Kh1 Qh5 33. Rc5 Rg5 34. Rxg5 Bxg5+ 35. Kg1 Rd8 36. fxg5 Qg4 37. gxh6 Rxd4 38. Qe3 Rd1+ 39. Kh2 Qh5+ 40. Kg3 Qg4+ 41. Kh2 Qh4+ 42. Bh3 Bxh3 0-1

[Event "Glorney Cup"]
[Site "Cardiff"]
[Date "2022.07.21"]
[Round "6.1"]
[White "Merriman, James"]
[Black "Venkatesan, Kavin"]
[Result "1/2-1/2"]
[WhiteElo "1935"]
[BlackElo "2076"]
[PlyCount "49"]
[EventDate "2022.07.19"]
[EventType "team-tourn"]
[EventRounds "6"]
[EventCountry "WLS"]
[SourceTitle "CBM 210 Extra"]
[Source "ChessBase"]
[SourceDate "2022.11.30"]
[SourceVersion "1"]
[SourceVersionDate "2022.11.30"]
[SourceQuality "1"]
[WhiteTeam "England"]
[BlackTeam "Ireland"]
[WhiteTeamCountry "ENG"]
[BlackTeamCountry "IRL"]

1. d4 Nf6 2. c4 e6 3. Nc3 Bb4 4. e3 0-0 5. Bd3 d5 6. Nf3 dxc4 7. Bxc4 c5 8. 0-0 Nc6 9. a3 Ba5 10. Bd3 h6 11. Bc2 Qe7 12. Ne4 Nxe4 13. Bxe4 Rd8 14. Bxc6 bxc6 15. Qc2 Ba6 16. Rd1 cxd4 17. exd4 Rac8 18. Be3 Bb6 19. Rdc1 c5 20. dxc5 Bxc5 21. Bxc5 Rxc5 22. Qxc5 Rd1+ 23. Rxd1 Qxc5 24. Rd2 Bb7 25. Rad1 1/2-1/2

[Event "Glorney Cup"]
[Site "Cardiff"]
[Date "2022.07.21"]
[Round "5.1"]
[White "Venkatesan, Kavin"]
[Black "Madhavan, Sanjith1111"]
[Result "1/2-1/2"]
[WhiteElo "2076"]
[BlackElo "1728"]
[PlyCount "67"]
[EventDate "2022.07.19"]
[EventType "team-tourn"]
[EventRounds "6"]
[EventCountry "WLS"]
[SourceTitle "CBM 210 Extra"]
[Source "ChessBase"]
[SourceDate "2022.11.30"]
[SourceVersion "1"]
[SourceVersionDate "2022.11.30"]
[SourceQuality "1"]
[WhiteTeam "Ireland"]
[BlackTeam "Scotland"]
[WhiteTeamCountry "IRL"]
[BlackTeamCountry "SCO"]

1. d4 Nf6 2. c4 g6 3. Nc3 Bg7 4. e4 d6 5. f4 0-0 6. Nf3 c5 7. d5 e6 8. dxe6 fxe6 9. Bd3 Nh5 10. g3 Nc6 11. 0-0 Nd4 12. Be3 Bd7 13. Ng5 Bh6 14. Be2 Nxe2+ 15. Qxe2 Qe7 16. Rad1 Rad8 17. e5 dxe5 18. Nge4 b6 19. fxe5 Bxe3+ 20. Qxe3 Bc6 21. g4 Rxd1 22. Rxd1 Bxe4 23. Nxe4 Qh4 24. h3 Nf4 25. Kh2 g5 26. Nf6+ Kg7 27. Rd7+ Rf7 28. Rxf7+ Kxf7 29. Qf3 Kg6 30. Qe4+ Kg7 31. Qb7+ Kg6 32. Qe4+ Kg7 33. Qb7+ Kg6 34. Qe4+ 1/2-1/2

[Event "Glorney Cup"]
[Site "Cardiff"]
[Date "2022.07.20"]
[Round "3.1"]
[White "Venkatesan, Kavin"]
[Black "Srivastava, Arnav"]
[Result "0-1"]
[WhiteElo "2076"]
[BlackElo "1812"]
[PlyCount "146"]
[EventDate "2022.07.19"]
[EventType "team-tourn"]
[EventRounds "6"]
[EventCountry "WLS"]
[SourceTitle "CBM 210 Extra"]
[Source "ChessBase"]
[SourceDate "2022.11.30"]
[SourceVersion "1"]
[SourceVersionDate "2022.11.30"]
[SourceQuality "1"]
[WhiteTeam "Ireland"]
[BlackTeam "England"]
[WhiteTeamCountry "IRL"]
[BlackTeamCountry "ENG"]

1. c4 e6 2. Nc3 Nf6 3. e4 d5 4. e5 d4 5. exf6 dxc3 6. bxc3 Qxf6 7. d4 c5 8. Nf3 cxd4 9. cxd4 Bb4+ 10. Bd2 Bxd2+ 11. Qxd2 b6 12. Be2 0-0 13. 0-0 Bb7 14. Ne5 Rd8 15. Bf3 Bxf3 16. Nxf3 Nc6 17. d5 exd5 18. cxd5 Ne7 19. Rad1 Nxd5 20. Qd4 Qxd4 21. Rxd4 Nc3 22. Rxd8+ Rxd8 23. Ra1 Rd1+ 24. Rxd1 Nxd1 25. Nd4 Nc3 26. a3 Kf8 27. f3 Ke7 28. Kf2 a6 29. Ke3 Nb1 30. Nc2 Kd6 31. Kd4 b5 32. Kd3 Kc5 33. Nb4 a5 34. Nc2 b4 35. axb4+ axb4 36. Na1 Nc3 37. Kc2 Nd5 38. g3 Kc4 39. Nb3 Ne3+ 40. Kb2 Nf1 41. Na5+ Kb5 42. Nb7 Nxh2 43. Nd6+ Kc5 44. Nxf7 Nxf3 45. Nd8 Kc4 46. Nf7 Nd4 47. Ne5+ Kd5 48. Nd3 Ke4 49. Nxb4 Kf3 50. Kc3 Ne2+ 51. Kd2 Nxg3 52. Nc6 h5 53. Ne5+ Kf4 54. Nd3+ Kg4 55. Ke3 g5 56. Nf2+ Kh4 57. Kf3 Nf5 58. Kg2 Nd6 59. Kh2 g4 60. Kg2 Kg5 61. Kh2 h4 62. Kg2 Nf5 63. Kh1 g3 64. Nd3 h3 65. Ne1 Kg4 66. Kg1 Nd4 67. Kf1 Nf3 68. Ng2 hxg2+ 69. Kxg2 Nh4+ 70. Kg1 Kf3 71. Kh1 g2+ 72. Kg1 Nf5 73. Kh2 Ng3 0-1

[Event "Glorney Cup"]
[Site "Cardiff"]
[Date "2022.07.19"]
[Round "2.1"]
[White "Madhavan, Sanjith1111"]
[Black "Venkatesan, Kavin"]
[Result "0-1"]
[WhiteElo "1728"]
[BlackElo "2076"]
[PlyCount "172"]
[EventDate "2022.07.19"]
[EventType "team-tourn"]
[EventRounds "6"]
[EventCountry "WLS"]
[SourceTitle "CBM 210 Extra"]
[Source "ChessBase"]
[SourceDate "2022.11.30"]
[SourceVersion "1"]
[SourceVersionDate "2022.11.30"]
[SourceQuality "1"]
[WhiteTeam "Scotland"]
[BlackTeam "Ireland"]
[WhiteTeamCountry "SCO"]
[BlackTeamCountry "IRL"]

1. e4 c5 2. Nf3 d6 3. d4 cxd4 4. Qxd4 Nc6 5. Bb5 Bd7 6. Bxc6 Bxc6 7. Nc3 Nf6 8. Bg5 e6 9. 0-0-0 Be7 10. Rhe1 0-0 11. e5 dxe5 12. Nxe5 Qxd4 13. Rxd4 Rfc8 14. Nxc6 Rxc6 15. Bxf6 Bxf6 16. Rd7 Bxc3 17. bxc3 Rb8 18. Red1 Kf8 19. Kb2 Ke8 20. R7d4 Rbc8 21. R1d3 R6c7 22. h4 f6 23. h5 h6 24. f4 Re7 25. Re3 Rc5 26. g4 f5 27. g5 hxg5 28. fxg5 f4 29. Rh3 Rxg5 30. Rxf4 e5 31. Re4 Re6 32. Reh4 e4 33. Re3 Kd7 34. c4 Ree5 35. Kc3 Rxh5 36. Rg4 Rhg5 37. Rxg5 Rxg5 38. Rxe4 Rg2 39. Rd4+ Kc6 40. Re4 g5 41. Re6+ Kd7 42. Rg6 a6 43. Kb4 Rxc2 44. Rxg5 Rxa2 45. Rg7+ Kc6 46. Rg6+ Kc7 47. Rg7+ Kb8 48. c5 Rb2+ 49. Kc3 Rh2 50. Kb4 Rh6 51. Rf7 Ka7 52. Rg7 Rh4+ 53. Ka5 Rc4 54. Rg5 Kb8 55. Kb6 Rb4+ 56. Ka5 Rb5+ 57. Ka4 Kc7 58. Rg7+ Kc6 59. Rg6+ Kxc5 60. Rg5+ Kb6 61. Rg6+ Ka7 62. Rh6 Rg5 63. Rf6 Rg7 64. Ka5 b6+ 65. Kb4 Rg4+ 66. Ka3 a5 67. Rf7+ Ka6 68. Rf5 Rg6 69. Rh5 Rg3+ 70. Kb2 a4 71. Ka2 b5 72. Kb2 Ka5 73. Ka2 a3 74. Rh8 Ka4 75. Rh4+ b4 76. Rf4 Rg2+ 77. Ka1 Rd2 78. Rh4 Rc2 79. Rg4 Kb3 80. Rg3+ Rc3 81. Rg1 Rc4 82. Kb1 Rh4 83. Rg3+ Ka4 84. Rg1 b3 85. Ka1 a2 86. Rf1 Ka3 0-1